[Event "Canadian zt (Women)"]
[Site "Toronto"]
[Date "2024.03.30"]
[Round "5"]
[White "Glenda, Baylon"]
[Black "Ruchinskaya, Valerie"]
[Result "1/2-1/2"]
[WhiteElo "1885"]
[BlackElo "1877"]
[PlyCount "123"]
[EventDate "2024.03.28"]
[EventType "team-swiss"]
[EventRounds "9"]
[EventCountry "CAN"]
[SourceTitle "CB15_2024"]
[SourceDate "2024.04.10"]
[SourceVersion "1"]
[SourceVersionDate "2024.04.10"]
[SourceQuality "1"]

1. d4 d5 2. c4 c6 3. e3 Nf6 4. Nc3 e6 5. Nf3 Nbd7 6. cxd5 exd5 7. Bd3 Be7 8. 0-0 0-0 9. b3 Re8 10. Bb2 Nf8 11. Qc2 Bd6 12. e4 dxe4 13. Nxe4 Nxe4 14. Bxe4 Be6 15. Rfe1 f6 16. h3 Qd7 17. Re3 Bf4 18. Rc3 Re7 19. Nh4 Rae8 20. Rf3 Bd6 21. Bc3 Bxh3 22. Bxh7+ Nxh7 23. Rxh3 Ng5 24. Rh1 Re2 25. Qd3 Qe6 26. Nf5 Bf8 27. Ne3 Rxe3 28. Qxe3 Qxe3 29. fxe3 Rxe3 30. Bd2 Rd3 31. Bxg5 fxg5 32. Kf2 Rxd4 33. Rad1 Rf4+ 34. Kg3 Bc5 35. Rhf1 Re4 36. Rf5 Bb4 37. Kf3 Re7 38. Rxg5 Kf7 39. Rd4 Bc3 40. Re4 Rd7 41. Rf5+ Kg6 42. g4 Bf6 43. Ke2 Rd8 44. Rf3 Rh8 45. Kd1 Rh2 46. Re2 Rh4 47. Rg3 Kg5 48. Rgg2 c5 49. Rh2 Rxg4 50. Rhg2 Rxg2 51. Rxg2+ Kf4 52. Rd2 Bd4 53. Re2 Be3 54. Kc2 g5 55. Kd3 Bd4 56. Re7 g4 57. Rf7+ Ke5 58. Ke2 b5 59. Rxa7 b4 60. Rf7 g3 61. Kf3 Bf2 62. Rd7 1/2-1/2